<?xml version="1.0" encoding="UTF-8"?><?xml-stylesheet type="text/xsl" href="static/style.xsl"?><OAI-PMH xmlns="http://www.openarchives.org/OAI/2.0/" xmlns:xsi="http://www.w3.org/2001/XMLSchema-instance" xsi:schemaLocation="http://www.openarchives.org/OAI/2.0/ http://www.openarchives.org/OAI/2.0/OAI-PMH.xsd"><responseDate>2026-04-13T04:49:26Z</responseDate><request verb="GetRecord" identifier="oai:www.recercat.cat:20.500.12328/4932" metadataPrefix="marc">https://recercat.cat/oai/request</request><GetRecord><record><header><identifier>oai:recercat.cat:20.500.12328/4932</identifier><datestamp>2025-07-10T06:11:32Z</datestamp><setSpec>com_2072_67741</setSpec><setSpec>col_2072_484352</setSpec></header><metadata><record xmlns="http://www.loc.gov/MARC21/slim" xmlns:dcterms="http://purl.org/dc/terms/" xmlns:xsi="http://www.w3.org/2001/XMLSchema-instance" xmlns:doc="http://www.lyncode.com/xoai" xsi:schemaLocation="http://www.loc.gov/MARC21/slim http://www.loc.gov/standards/marcxml/schema/MARC21slim.xsd">
   <leader>00925njm 22002777a 4500</leader>
   <datafield ind2=" " ind1=" " tag="042">
      <subfield code="a">dc</subfield>
   </datafield>
   <datafield ind2=" " ind1=" " tag="720">
      <subfield code="a">Mut Bosque, Marta</subfield>
      <subfield code="e">author</subfield>
   </datafield>
   <datafield ind2=" " ind1=" " tag="260">
      <subfield code="c">2020</subfield>
   </datafield>
   <datafield ind2=" " ind1=" " tag="520">
      <subfield code="a">Este artículo tiene como objetivo el análisis del estatus de Gibraltar, tanto en el ámbito interno como en el de la Unión Europea (UE), en plena era Brexit. Por lo tanto, se examinará cómo ha sido su evolución y las limitaciones que a este territorio le han ido surgiendo a lo largo del camino, hasta convertirse en un territorio británico de ultramar (TBU). Asimismo, se tendrán en cuenta las particularidades de Gibraltar que le han comportado el disfrute de un estatus ad hoc en la UE. Dicho estatus ha significado que Gibraltar, a diferencia del resto de TBU, haya sido parte de la UE manteniendo un régimen específico. Ahora bien, una vez que el Reino Unido abandone la UE, Gibraltar, en contra de su voluntad, verá finalizado este estatus privilegiado. Finalmente, se analizará cómo la falta de soberanía de este territorio ha comportado limitaciones significativas a la hora de decidir sobre sus propios intereses. En definitiva, el Brexit es uno de los principales retos a los que Gibraltar se ha tenido que enfrentar a lo largo de su historia moderna y sienta un peligroso precedente a la hora de afrontar su futuro en la escena internacional.</subfield>
   </datafield>
   <datafield ind1="8" ind2=" " tag="024">
      <subfield code="a">Mut Bosque, Marta. Reflexiones sobre el estatus de Gibraltar en la era Brexit. Revista d'estudis autonòmics i federals, 2020, 31, p. 143-179. Disponible en: &lt;https://presidencia.gencat.cat/ca/ambits_d_actuacio/desenvolupament_autogovern/institut-destudis-autogovern/publicacions/reaf-jsg/reaf31>. Fecha de acceso: 4 jul. 2025. DOI: 10.2436/20.8080.01.47</subfield>
   </datafield>
   <datafield ind1="8" ind2=" " tag="024">
      <subfield code="a">1886-2632</subfield>
   </datafield>
   <datafield ind1="8" ind2=" " tag="024">
      <subfield code="a">http://hdl.handle.net/20.500.12328/4932</subfield>
   </datafield>
   <datafield ind1="8" ind2=" " tag="024">
      <subfield code="a">https://dx.doi.org/10.2436/20.8080.01.47</subfield>
   </datafield>
   <datafield tag="653" ind2=" " ind1=" ">
      <subfield code="a">Gibraltar</subfield>
   </datafield>
   <datafield tag="653" ind2=" " ind1=" ">
      <subfield code="a">Sobirania</subfield>
   </datafield>
   <datafield tag="653" ind2=" " ind1=" ">
      <subfield code="a">Brexit</subfield>
   </datafield>
   <datafield tag="653" ind2=" " ind1=" ">
      <subfield code="a">Territoris Britànics d'Ultramar</subfield>
   </datafield>
   <datafield tag="653" ind2=" " ind1=" ">
      <subfield code="a">Estatut</subfield>
   </datafield>
   <datafield tag="653" ind2=" " ind1=" ">
      <subfield code="a">Gibraltar</subfield>
   </datafield>
   <datafield tag="653" ind2=" " ind1=" ">
      <subfield code="a">Soberanía</subfield>
   </datafield>
   <datafield tag="653" ind2=" " ind1=" ">
      <subfield code="a">Brexit</subfield>
   </datafield>
   <datafield tag="653" ind2=" " ind1=" ">
      <subfield code="a">Territorios Británicos de Ultramar</subfield>
   </datafield>
   <datafield tag="653" ind2=" " ind1=" ">
      <subfield code="a">Estatus</subfield>
   </datafield>
   <datafield tag="653" ind2=" " ind1=" ">
      <subfield code="a">Gibraltar</subfield>
   </datafield>
   <datafield tag="653" ind2=" " ind1=" ">
      <subfield code="a">Sovereignty</subfield>
   </datafield>
   <datafield tag="653" ind2=" " ind1=" ">
      <subfield code="a">Brexit</subfield>
   </datafield>
   <datafield tag="653" ind2=" " ind1=" ">
      <subfield code="a">British Overseas Territories</subfield>
   </datafield>
   <datafield tag="653" ind2=" " ind1=" ">
      <subfield code="a">Status</subfield>
   </datafield>
   <datafield ind2="0" ind1="0" tag="245">
      <subfield code="a">Reflexiones sobre el estatus de Gibraltar en la era Brexit</subfield>
   </datafield>
</record></metadata></record></GetRecord></OAI-PMH>